Latex processing practices for better efficiency and economy (Record no. 52900)

MARC details
000 -LEADER
fixed length control field 00456nam a2200133Ia 4500
100 ## - MAIN ENTRY--AUTHOR NAME
Personal name Sebastian M.S.
245 #0 - TITLE STATEMENT
Title Latex processing practices for better efficiency and economy
260 ## - PUBLICATION, DISTRIBUTION, ETC. (IMPRINT)
Name of publisher Seminar on Latex Processing, 1 July 1994, Department of Processing and Product Development, Rubber Board, Kottayam, India.
Year of publication 1994
650 ## - SUBJECT ADDED ENTRY--TOPICAL TERM
Topical Term Centrifuging
650 ## - SUBJECT ADDED ENTRY--TOPICAL TERM
Topical Term Creaming
650 ## - SUBJECT ADDED ENTRY--TOPICAL TERM
Topical Term Latex
942 ## - ADDED ENTRY ELEMENTS (KOHA)
Koha item type Bibliography STAF
Holdings
Withdrawn status Lost status Damaged status Not for loan Home library Current library Date acquired Koha item type
      Bibliography RRII Library RRII Library 09/04/2014 Bibliography STAF